Liquidació del pressupost : Patronat d'Apostes : exercici ... Patronat d'Apostes :
Descripción Física:
30 cm
Otros Autores:
Patronat d'Apostes
MARC
| LEADER | 00000nam a2200000Ia 4500 | ||
|---|---|---|---|
| 001 | 19116, 19129, 18957, 18958, 18959, 19105, 17738, 18976, 19000, 19017, 22841, 22842 | ||
| 008 | 160829s9999 xx 000 0 cat d | ||
| 080 | |a Pressupostos | ||
| 110 | 1 | |a Barcelona (Catalunya : Província). |b Diputació |9 52408 | |
| 245 | |a Liquidació del pressupost : |b Patronat d'Apostes : |b exercici ... | ||
| 260 | |a [Barcelona] : |b Diputació de Barcelona, Intervenció, [s.a.] | ||
| 300 | |a 30 cm | ||
| 610 | 1 | 0 | |a Barcelona (Catalunya : Província). |b Diputació |x Assignacions pressupostàries i despeses |9 53789 |
| 650 | |a Finances públiques |x Barcelona (Província) |9 36756 | ||
| 650 | |a Despeses públiques |x Barcelona (Província) |9 38245 | ||
| 700 | |a Patronat d'Apostes |9 23935 | ||
| 710 | 1 | |a Barcelona (Catalunya : Província). |b Servei d'Intervenció |9 55057 | |
| 866 | |a 1990, 1991, 1992, 1993, 1994, 1995, 1999, 2000, 2001, 2002, 2003, 2004 | ||
| 901 | |a Arxiu | ||
| 942 | |n 1 | ||
| 952 | |0 0 |1 0 |4 0 |6 PRESSUPOSTOS |7 1 |9 47493 |a Arxiu |b Arxiu |d 2016-12-01 |l 0 |o Pressupostos |p 19116, 19129, 18957, |r 2016-12-01 00:00:00 |w 2016-12-01 |y ARXIU | ||
| 999 | |c 51292 |d 51292 | ||